Washington Wizards leading scorer each game (2024-2025) - Statistics

General Stats
  • This quiz has been taken 12 times
  • The average score is 6 of 15
Answer Stats
# of games Player % Correct
30 Jordan Poole
100%
9 Kyle Kuzma
82%
10 Alex Sarr
73%
8 Bilal Coulibaly
45%
2 Bub Carrington
45%
6 Jonas Valanciunas
45%
1 Khris Middleton
36%
3 Kyshawn George
36%
2 Corey Kispert
27%
2 Colby Jones
18%
1 Jared Butler
18%
3 Justin Champagnie
18%
1 Marcus Smart
18%
3 Tristan Vukcevic
18%
1 Marvin Bagley III
0%
No matching quizzes found
Score Distribution
Percent of People with Each Score
Percentile by Number Answered
Your Score History
You have not taken this quiz